Supplemento alla sesta edizione della nuova enciclopedia italiana (Record no. 165911)

MARC details
000 -LEADER
campo de control de longitud fija 01133nam a22001813i 4500
001 - NÚMERO DE CONTROL
campo de control 165911
003 - IDENTIFICADOR DE NÚMERO DE CONTROL
campo de control ES-MaACL
005 - FECHA Y HORA DE LA ÚLTIMA TRANSACCIÓN
campo de control 20230906213228.0
008 - DATOS DE LONGITUD FIJA--INFORMACIÓN GENERAL
campo de control de longitud fija 021014s1889 it bf |||| | ita d
040 ## - FUENTE DE CATALOGACIÓN
Centro catalogador/agencia de origen CCPB | B
Lengua de catalogación spa
Centro/agencia transcriptor CCPB | B
245 00 - MENCIÓN DEL TÍTULO
Título Supplemento alla sesta edizione della nuova enciclopedia italiana
Resto del título : raccolta di monografie sui recenti progressi delle scienze delle arti e delle industrie, di biografie, di notizie storiche, geografiche, statistique, ecc : a complemento dell'enciclopedia /
Mención de responsabilidad, etc. ordinata dal professore Stefano Pagliani.
260 ## - PUBLICACIÓN, DISTRIBUCIÓN, ETC.
Lugar de publicación, distribución, etc. Torino :
Nombre del editor, distribuidor, etc. Unione tipografico-editrice,
Fecha de publicación, distribución, etc. 1889.
300 ## - DESCRIPCIÓN FÍSICA
Extensión v. ;
Dimensiones 29 cm.
597 #1 - NOTA DE DESCRIPCIÓN FÍSICA
NOTA DE DESCRIPCIÓN FÍSICA Vol. I (1200 p., [6] h. de mapas pleg., [2] h. de grab., [2] h. pleg.)
700 11 - ENTRADA AGREGADA--NOMBRE PERSONAL
Nombre de persona Pagliani, Stefano.
9 (RLIN) 130770
752 ## - ENTRADA AGREGADA--NOMBRE JERÁRQUICO DEL LUGAR
País o entidad superior Italia -
Ciudad Turín
852 ## - LOCALIZACIÓN
Ubicación ES-MaACL
Número de control de estantería C-2006-2011
Nota libre -- Enc. pasta española
Encuadernación -- Edic.: Son 5 t. en 6 v., el T. IV está dividido en 2 partes -- T. II. 1891 (1342 p.) -- T. III. 1893 (1233 p.) -- T. IV. 1895-1896 (522 ; 1410 p., [3] h. maps. pleg.) -- T. V. 1899 (1451, 55 p. : il.) -- La parte primera del T. IV imp. en 1896 y la segunda en 1895
Holdings
Estatus retirado Estado de pérdida Estado de daño No para préstamo Colección Biblioteca de origen Biblioteca actual Ubicación en estantería Fecha de adquisición Fuente de adquisición Total de préstamos Signatura topográfica completa Código de barras Visto por última vez Precio de reemplazo Tipo de ítem Koha
        Colección de referencia Biblioteca del Ateneo de Madrid Biblioteca del Ateneo de Madrid Mesetón 17/01/2008     C-2006-2011 1173995 23/02/2023 23/02/2023 Libro impreso antiguo